000 00556nam a2200169 i 4500
001 21629
003 ES-MaACL
005 20230906152522.0
007 t|
008 021126s1915 sp ||||1| spa d
100 1 _aAlcayde y Vilar, Antonio.
_919524
245 1 0 _aAntonio Valladares de Sotomayor (autor dramático del siglo XVIII)
_b: la comedia El Vinatero de Madrid : memoria... /
_cpor Antonio Alcayde y Vilar.
260 _aMadrid :
_bMateu,
_c1915.
300 _a120 p. ;
_c22 cm.
740 3 _aEl Vinatero de Madrid.
852 _aES-MaACL
_j1714-F-14
999 _c21629
_d21629